000 00413nam a2200181Ia 4500
003 OSt
005 20231024091841.0
008 230312s9999||||xx |||||||||||||| ||und||
020 _a9789696520719
040 _aabc
082 _a891.4
_bAAB-K
100 _aعباس اطہر
245 0 _aکہاں گےوہ لوگ
260 _bJamhori
_apak
_c2016
300 _a214
650 _aLiterature
942 _cBK
_2ddc
999 _c14916
_d14916